Forest history : (Record no. 35425)

MARC details
000 -LEADER
fixed length control field 01643cam a2200349 a 4500
001 - CONTROL NUMBER
control field 11861662
003 - CONTROL NUMBER IDENTIFIER
control field OSt
005 - DATE AND TIME OF LATEST TRANSACTION
control field 20220512132617.0
008 - FIXED-LENGTH DATA ELEMENTS--GENERAL INFORMATION
fixed length control field 991207s2000 nyuab b 101 0 eng
010 ## - LIBRARY OF CONGRESS CONTROL NUMBER
LC control number 99088765
020 ## - INTERNATIONAL STANDARD BOOK NUMBER
International Standard Book Number 0851994199 (alk. paper)
040 ## - CATALOGING SOURCE
Original cataloging agency DLC
Transcribing agency HU
Modifying agency DLC
050 00 - LIBRARY OF CONGRESS CALL NUMBER
Classification number SD118
Item number .F53 2000
082 00 - DEWEY DECIMAL CLASSIFICATION NUMBER
Classification number 634.9/09
Edition number 21
245 00 - TITLE STATEMENT
Title Forest history :
Remainder of title international studies on socioeconomic and forest ecosystem change : report no. 2 of the IUFRO Task Force on Environmental Change /
Statement of responsibility, etc. edited by M. Agnoletti and S. Anderson.
260 ## - PUBLICATION, DISTRIBUTION, ETC.
Place of publication, distribution, etc. Wallingford, Oxon [England] ;
-- New York, NY, USA :
Name of publisher, distributor, etc. CABI Pub.,
Date of publication, distribution, etc. c2000.
300 ## - PHYSICAL DESCRIPTION
Extent xv, 409 p. :
Other physical details ill., map ;
Dimensions 24 cm cm.
440 #0 - SERIES STATEMENT/ADDED ENTRY--TITLE
Title IUFRO research series ;
Volume/sequential designation 2
9 (RLIN) 13084
500 ## - GENERAL NOTE
General note Papers selected from a conference held in Florence in 1998.
504 ## - BIBLIOGRAPHY, ETC. NOTE
Bibliography, etc. note Includes bibliographical references.
650 #0 - SUBJECT ADDED ENTRY--TOPICAL TERM
Topical term or geographic name entry element Forests and forestry
Form subdivision Congresses.
9 (RLIN) 19662
650 #0 - SUBJECT ADDED ENTRY--TOPICAL TERM
Topical term or geographic name entry element Forests and forestry
General subdivision Social aspects
Form subdivision Congresses.
9 (RLIN) 36844
650 #0 - SUBJECT ADDED ENTRY--TOPICAL TERM
Topical term or geographic name entry element Forest ecology
Form subdivision Congresses.
9 (RLIN) 15337
700 1# - ADDED ENTRY--PERSONAL NAME
Personal name Agnoletti, Mauro.
9 (RLIN) 6400
700 1# - ADDED ENTRY--PERSONAL NAME
Personal name Anderson, S.
Fuller form of name (Steven),
Dates associated with a name 1956-
9 (RLIN) 35102
710 2# - ADDED ENTRY--CORPORATE NAME
Corporate name or jurisdiction name as entry element IUFRO Task Force on Environmental Change.
9 (RLIN) 22547
856 42 - ELECTRONIC LOCATION AND ACCESS
Materials specified Publisher description
Uniform Resource Identifier <a href="http://www.loc.gov/catdir/enhancements/fy0605/99088765-d.html">http://www.loc.gov/catdir/enhancements/fy0605/99088765-d.html</a>
856 41 - ELECTRONIC LOCATION AND ACCESS
Materials specified Table of contents only
Uniform Resource Identifier <a href="http://www.loc.gov/catdir/enhancements/fy0605/99088765-t.html">http://www.loc.gov/catdir/enhancements/fy0605/99088765-t.html</a>
906 ## - LOCAL DATA ELEMENT F, LDF (RLIN)
a 7
b cbc
c origcop
d 2
e ncip
f 20
g y-gencatlg
942 ## - ADDED ENTRY ELEMENTS (KOHA)
Source of classification or shelving scheme Dewey Decimal Classification
Koha item type Books like text book referance book
Suppress in OPAC No
Holdings
Withdrawn status Lost status Source of classification or shelving scheme Damaged status Not for loan Collection code Home library Current library Shelving location Date acquired Total Checkouts Full call number Barcode Date last seen Copy number Price effective from Koha item type
    Dewey Decimal Classification     Reference Wondo Genet Library Wondo Genet Library General Stacks 05/12/2022   634.9/09 FOR 1998 WGCFNRL00020019 05/12/2022 1 05/12/2022 Books like text book referance book